| 000 | 01183nam a2200265Ia 4500 | ||
|---|---|---|---|
| 999 |
_c35884 _d35884 |
||
| 001 | 1776 | ||
| 003 | GE_BSU | ||
| 005 | 20220516131622.0 | ||
| 008 | 181216s2008||||ge |||||||||||||| ||geo|| | ||
| 020 | _a9789941006937 | ||
| 040 | _cGE_BSU | ||
| 041 | _ageo | ||
| 080 | _a519.2(075.8) ფ–97 | ||
| 100 |
_aფურთუხია, ო. _913737 |
||
| 245 |
_aაღწერითი სტატისტიკა, ალბათობა, სტატისტიკური დასკვნების თეორია : _b[სახელმძღვ. ეკონ. სპეც. სტუდ.] / _cო. ფურთუხია ; [რედ. ე. ნადარაია] ; თსუ. |
||
| 264 |
_aთბილისი, _c2008. |
||
| 300 |
_a418 გვ.: _b ცხ. ; _c19 სმ. |
||
| 501 | _aდანართი: გვ. 413-417. | ||
| 504 | _aბიბლიოგრ.: გვ. 418. | ||
| 541 | _h15ლ. | ||
| 653 | _aმათემატიკური სტატისტიკა | ||
| 653 | _aალბათობის თეორია | ||
| 700 |
_a ნადარაია, ე. _eრედაქტორი _913738 |
||
| 942 |
_cBK _2udc |
||